[Event "Treviso op-C 4th"]
[Site "Treviso"]
[Date "2023.03.31"]
[Round "1"]
[White "Cavaluzzi, Alessandro"]
[Black "Panzica, Salvatore"]
[Result "1/2-1/2"]
[WhiteElo "1051"]
[BlackElo "999"]
[PlyCount "86"]
[EventDate "2023.03.31"]
[EventType "swiss"]
[EventRounds "5"]
[EventCountry "ITA"]
[SourceTitle "EXT 2024"]
[Source "ChessBase"]
[SourceDate "2023.10.10"]
[SourceVersion "1"]
[SourceVersionDate "2023.10.10"]
[SourceQuality "1"]

1. e4 e5 2. Nf3 Nc6 3. Bc4 Nf6 4. d3 Be7 5. 0-0 d5 6. Bxd5 Nxd5 7. exd5 Qxd5 8. Nc3 Qd8 9. h3 Nd4 10. Nxe5 0-0 11. Ne4 Bf5 12. Nf3 Nxf3+ 13. Qxf3 Bxe4 14. Qxe4 f5 15. Qxb7 Qb8 16. Qxb8 Raxb8 17. Bf4 Rxb2 18. Bxc7 Rxc2 19. Bf4 Rc3 20. d4 Rd3 21. Be5 Bf6 22. Rfd1 Rxd1+ 23. Rxd1 Bxe5 24. dxe5 Re8 25. f4 g5 26. g3 h5 27. h4 gxh4 28. gxh4 Rc8 29. Rd2 Rc4 30. Rg2+ Kf7 31. Rg5 Rxf4 32. Rxh5 Re4 33. Rxf5+ Ke6 34. Rh5 Ra4 35. Rg5 Rxh4 36. Rg6+ Kxe5 37. Ra6 Kd5 38. Rxa7 Kc5 39. Kg2 Kb5 40. Kf3 Ra4 41. Rxa4 Kxa4 42. Ke3 Ka3 43. Kd3 Kxa2 1/2-1/2